Logo BPK

Biblioteka

Politechniki Koszalińskiej

Rassejanie energii pri kolebanijach tonkostennych elementov konstrukcij / (Rekord nr 35875)

Szczegóły MARC
000 -ETYKIETA REKORDU
podpole kontrolne o stałej długości 00577nam a2200205 i 4500
001 - NUMER KONTROLNY REKORDU
pole kontrolne bg
040 ## - ŹRÓDŁO KATALOGOWANIA
Instytucja, która utworzyła rekord BPK
041 0# - KOD JĘZYKA
Kod języka tekstu ru
080 ## - UNIWERSALNA KLASYFIKACJA DZIESIĘTNA - UKD
UKD 620.17
008 - POLE O STAŁEJ DŁUGOŚCI - DANE KONTROLNE
podpole kontrolne o stałej długości s pl f |000 0 pol
100 1# - NAZWA OSOBOWA
Nazwa osobowa CHIL'ČEVSKIJ, V. V.
245 ## - TYTUŁ/ODPOWIEDZIALNOŚĆ
Tytuł Rassejanie energii pri kolebanijach tonkostennych elementov konstrukcij /
Pozostałe elementy strefy tytułu i oznaczenia odpowiedzialności V.V. Chil'čevskij, V.G. Dubenec.
260 ## - STREFA ADRESU WYDAWNICZEGO
Miejsce wydania Kiev :
Nazwa wydawcy/dystrybutora "Višča Škola",
Data publikacji, dystrybucji/powstania dokumentu 1977.
Miejsce wydania
300 ## - STREFA OPISU FIZYCZNEGO
Inne cechy fizyczne rys., wykr. ;
Rozmiary 23 cm.
Objętość
504 ## - UWAGA DOTYCZĄCA BIBLIOGRAFII
Informacje o bibliografii
650 ## - HASŁO PRZEDMIOTOWE W FORMIE NAZWY OGÓLNEJ LUB JEDNOSTKOWEJ
Określnik ogólny badanie
650 #9 - HASŁO PRZEDMIOTOWE W FORMIE NAZWY OGÓLNEJ LUB JEDNOSTKOWEJ
Nazwa ogólna lub geograficzna Konstrukcje
Określnik ogólny mechanika
700 1# - HASŁO DODATKOWE - NAZWA OSOBOWA
Nazwa osobowa DUBENEC, V. G.
942 ## - DODATKOWE ELEMENTY (KOHA)
Typ dokumentu Książka
Egzemplarze
Wycofany Status egzemplarza Uszkodzony Dostępność Lokalizacja stała Lokalizacja bieżąca Miejsce przechowywania Sygnatura Kod kreskowy Typ dokumentu
      Dostępny Biblioteka Politechniki Koszalińskiej Biblioteka Politechniki Koszalińskiej Wypożyczalnia BG 48854 01414738 Książka
© 2023 Biblioteka Politechniki Koszalińskiej :: KOHA